MARC

LEADER 00000nam0a2200000 4500
001 305612
005 20231102001821.0
020 |a LV  |b 83-39217 
035 |a (RuTPU)RU\TPU\book\330884 
035 |a RU\TPU\book\330882 
090 |a 305612 
100 |a 20150929d1983 km y0rusy5003 ca 
101 0 |a rus 
102 |a LV 
105 |a a z 001zy 
200 1 |a Снижение металлоемкости в строительстве  |f Латвийский научно-исследовательский и экспериментально-технологический институт строительства ; под ред. Г. С. Кобринского 
210 |a Рига  |c Авотс  |d 1983 
215 |a 81 с.  |c ил. 
320 |a Библиогр. в конце ст. 
606 1 |a Строительные изделия из металла  |2 stltpush  |3 (RuTPU)RU\TPU\subj\57334  |9 75196 
610 1 |a металлы 
610 1 |a металлоемкость 
610 1 |a снижение 
610 1 |a армирование 
610 1 |a легкобетонные панели 
610 1 |a жесткость 
610 1 |a крепежные детали 
610 1 |a холодноштампованные детали 
610 1 |a закладные детали 
675 |a 691.7  |v 3 
702 1 |a Кобринский  |b Г. С.  |4 340 
712 0 2 |a Латвийский научно-исследовательский и экспериментально-технологический институт строительства  |2 stltpush  |3 (RuTPU)RU\TPU\col\24338  |9 28426 
801 0 |a RU  |b RuMRKP  |c 19950704  |g psbo 
801 1 |a RU  |b 63413507  |c 20150929 
801 2 |a RU  |b 63413507  |c 20181001  |g RCR 
942 |c BK